| 000 | 00759nam a2200265 i 4500 | ||
|---|---|---|---|
| 001 | 000038267 | ||
| 003 | DO-SdBNP | ||
| 005 | 20240508073817.0 | ||
| 007 | ta | ||
| 008 | 130405s2012 dr 000 0 spa d | ||
| 020 | _a9789945074703 | ||
| 040 |
_aDO-SdBNP _bspa _cBNPHU _erda |
||
| 082 | 4 | _222 | |
| 245 | 0 | 3 |
_aEl salvador : _bhistoria mínima 1811-2011. |
| 250 | _a2a ed. | ||
| 264 |
_aSanto Domingo : _bArchivo General de la Nación, _c2012. |
||
| 300 |
_a172 páginas ; _c24 cm. |
||
| 336 |
_2rdacontent _atexto _btxt |
||
| 337 |
_2rdamedia _asin mediación _bn |
||
| 338 |
_2rdacarrier _avolumen _bnc |
||
| 490 | 1 |
_aArchivo General de la Nación _v160 |
|
| 504 | _aBibliografía : p. 157-161 | ||
| 590 | _aInventariado, 2023/BT | ||
| 942 |
_2ddc _cLBS1 |
||
| 999 |
_c37757 _d37757 |
||